Preparar el futuro conflicto y post-conflicto en Colombia (Registro nro. 34877)

Detalles MARC
000 -ENCABEZADO
Número de control [NR] 01432nam a2200385Ia 4500
005 - FECHA Y HORA DE LA ÚLTIMA TRANSACCIÓN
control field 20210505174601.0
008 - DE LONGITUD FIJA DE DATOS DE ELEMENTOS - INFORMACIÓN GENERAL
Elementos de longitud fija [NR] 130821s2002 ck gr spa
020 ## - NUMERO INTERNACIONAL NORMALIZADO PARA LIBROS [R]
Número Internacional Normalizado del libro [NR] 9586824446
020 ## - NUMERO INTERNACIONAL NORMALIZADO PARA LIBROS [R]
Número Internacional Normalizado del libro [NR] 9586821927
040 ## - FUENTE DE CATALOGACION [NR]
Agencia de catalogación original [NR] Co-BoUCM
Idioma de catalogación [NR] spa
Quien Cataloga Deissy Garcia (modificó)
Quien Clasifica [Nuevo]
041 00 - CODIGO DE IDIOMA [R]
Código de idioma para texto/pista de sonido o título separado [R] Español
245 00 - MENCION DE TITULO [NR]
Título [NR] Preparar el futuro conflicto y post-conflicto en Colombia
Mención de responsabilidad, etc. [NR] Angelica Rettberg, coordinadora, Álvaro Camacho...[et al.]
260 ## - PUBLICACION, DISTRIBUCION, ETC. (PIE DE IMPRENTA) [R]
Lugar de publicación, distribución, etc. [R] Bogotá (Colombia)
Nombre del editor, distribuidor, etc. [R] Alfaomega
Fecha de publicación, distribución, etc. [R] 2002
300 ## - DESCRIPCION FISICA [R]
Extensión [R] xxii, 40 páginas
490 ## - MENCION DE SERIE [R]
Mención de serie [R] Libros de Cambio
650 04 - ASIENTO SECUNDARIO DE MATERIA - TERMINO TEMATICO [R]
Término temático o nombre geográfico como elemento de entrada [NR] Armisticios
Subdivisión geográfica [R] Colombia
9 (RLIN) 9359
650 04 - ASIENTO SECUNDARIO DE MATERIA - TERMINO TEMATICO [R]
Término temático o nombre geográfico como elemento de entrada [NR] Asistencia pública
Subdivisión geográfica [R] Colombia
9 (RLIN) 9656
650 04 - ASIENTO SECUNDARIO DE MATERIA - TERMINO TEMATICO [R]
Término temático o nombre geográfico como elemento de entrada [NR] Justicia social
Subdivisión geográfica [R] Colombia
9 (RLIN) 81609
650 04 - ASIENTO SECUNDARIO DE MATERIA - TERMINO TEMATICO [R]
Término temático o nombre geográfico como elemento de entrada [NR] Luchas sociales
Subdivisión geográfica [R] Colombia
9 (RLIN) 18818
650 04 - ASIENTO SECUNDARIO DE MATERIA - TERMINO TEMATICO [R]
Término temático o nombre geográfico como elemento de entrada [NR] Paz
Subdivisión geográfica [R] Colombia
9 (RLIN) 21206
650 04 - ASIENTO SECUNDARIO DE MATERIA - TERMINO TEMATICO [R]
Término temático o nombre geográfico como elemento de entrada [NR] Sociología
9 (RLIN) 386
650 04 - ASIENTO SECUNDARIO DE MATERIA - TERMINO TEMATICO [R]
Término temático o nombre geográfico como elemento de entrada [NR] Solución de conflictos
Subdivisión de forma [R] Aspectos sociales
Subdivisión geográfica [R] Colombia
9 (RLIN) 24842
650 04 - ASIENTO SECUNDARIO DE MATERIA - TERMINO TEMATICO [R]
Término temático o nombre geográfico como elemento de entrada [NR] Tratados de paz
9 (RLIN) 25820
651 ## - ASIENTO SECUNDARIO DE MATERIA - NOMBRE GEOGRAFICO [R]
Nombre geográfico [NR] Colombia
Subdivisión general [R] Política económica
9 (RLIN) 27576
651 ## - ASIENTO SECUNDARIO DE MATERIA - NOMBRE GEOGRAFICO [R]
Nombre geográfico [NR] Colombia
Subdivisión general [R] Política social
9 (RLIN) 27556
700 1# - ASIENTO SECUNDARIO - NOMBRE PERSONAL [R]
Nombre personal [NR] Camacho, Alvaro
9 (RLIN) 64611
700 1# - ASIENTO SECUNDARIO - NOMBRE PERSONAL [R]
Nombre personal [NR] Chaux, Enrique
9 (RLIN) 51693
700 1# - ASIENTO SECUNDARIO - NOMBRE PERSONAL [R]
Nombre personal [NR] Garcia, Arturo
9 (RLIN) 103311
700 1# - ASIENTO SECUNDARIO - NOMBRE PERSONAL [R]
Nombre personal [NR] Rettberg, Angelika.
9 (RLIN) 103312
700 1# - ASIENTO SECUNDARIO - NOMBRE PERSONAL [R]
Nombre personal [NR] Saenz de Santamaria, Alejandro
9 (RLIN) 44470
710 ## - ASIENTO SECUNDARIO - NOMBRE CORPORATIVO [R]
Nombre corporativo o de jurisdicción como elemento de entrada [NR] Fundación Ideas Por La Paz
9 (RLIN) 103313
710 1# - ASIENTO SECUNDARIO - NOMBRE CORPORATIVO [R]
Nombre corporativo o de jurisdicción como elemento de entrada [NR] Universidad de Los Andes
9 (RLIN) 4715
942 ## - ELEMENTOS DE ENTRADA AGREGADOS (KOHA)
Tipo de ítem principal el descrito en 300a Libro
Tema principal Sociología
Edición 1
Parte restante de la signatura top. P927
Sistema de clasificación DEWEY
Clasificación 361.9861
Título oculto en OPAC No
Existencias
Fecha de último préstamo Total préstamos Total Renewals Signatura topográfica Código de barras Última vez visto Ejemplar Price effective from Tipo de ítem Perdido Sistema de clasificación Dañado No prestable Tipo de ítem específico Suprimido Ubicación habitual Ubicación actual Localización Fecha de creación Forma de adquisición Costo Costo de reposición Proveedor
      361.9861 P927 100165688 04/02/2020 Ej.1 04/02/2020 Libro   DEWEY     Libro   Bodega Bodega Préstamo 4 días después de solicitado 04/02/2020 Donación 0.00 26000.00 12
11/10/2019 4 1 361.9861 P927 100117031 09/12/2025 Ej.4 03/02/2013 Libro   DEWEY     Libro   Claustro Claustro 2do piso 28/02/2011 Donación 26000.00